00456 2200193 4500001002100000005001500021008004100036020001800077035001900095041000700114082000800121090001400129100001300143245002400156260003500180300002400215500000600239650001700245INLIS00000000000291520241224112626241224||||||||| | ||| |||| || |  a979-3471-34-4 0010-1224002915 aid0 a813 a813 USM k0 aK. Usman00aKeindahan Perempuan aJakartabPustaka Senayanc2004 avi, 218 hlm.; 18 cm a1 0aKesusastraan